Vista normal Vista MARC

Entrada Corporate Name

Número de registros utilizados en: 1

001 - CONTROL NUMBER

  • control field: 40545

003 - CONTROL NUMBER IDENTIFIER

  • control field: OSt

005 - DATE AND TIME OF LATEST TRANSACTION

  • control field: 20230915232141.0

008 - FIXED-LENGTH DATA ELEMENTS

  • fixed length control field: 230915|| aca||aabn | a|a d

040 ## - CATALOGING SOURCE

  • Original cataloging agency: OSt
  • Transcribing agency: OSt

110 ## - HEADING--CORPORATE NAME

  • Corporate name or jurisdiction name as entry element: Grupo de Investigación Cuarto Mundo - Universidad

670 ## - SOURCE DATA FOUND

  • Source citation: Work cat.: (OSt)33213: El cruce de saberes y de prácticas :









Instituto Departamental de Cultura del Meta - Red Departamental de Bibliotecas Públicas del Meta.